Reto en el paraiso /

Bibliographic Details
Main Author: Morales, Alejandro, 1944-
Format: Book
Language:Spanish
Published: Ypsilanti, Mich. : Bilingual Press/Editorial Bilingue, [1983]

MARC

Tag First Indicator Second Indicator Subfields
LEADER 00000cam a2200000 a 4500
001 in00000406913
005 20151012051119.0
008 830517s1983 miu 00011 spa d
010 |a  82073753  
020 |a 0916950344 (pbk.) 
035 |a (OCoLC)09516664 
035 |9 ABT3665AM 
040 |a IBR  |c IBR  |d TXA  |d UtOrBLW 
049 |a TXAM  |c 1 [A09299336], 2 [A09324678] 
090 |a PQ7079.2.M6  |b R48 1983 
100 1 |a Morales, Alejandro,  |d 1944- 
245 1 0 |a Reto en el paraiso /  |c Alejandro Morales. 
264 1 |a Ypsilanti, Mich. :  |b Bilingual Press/Editorial Bilingue,  |c [1983] 
264 4 |c ©1983 
300 |a 381 pages ;  |c 22 cm. 
336 |a text  |b txt  |2 rdacontent 
337 |a unmediated  |b n  |2 rdamedia 
338 |a volume  |b nc  |2 rdacarrier 
999 |a MARS 
999 f f |s d1c5ea04-ac4d-364d-b9fb-96d154caf172  |i c63605c0-d4f8-38e7-b44f-111a4307114b  |t 0 
952 f f |p normal  |a Texas A&M University  |b College Station  |c Sterling C. Evans Library  |s Evans stk  |d Evans: Library Stacks  |t 0  |e PQ7079.2.M6 R48 1983  |h Library of Congress classification  |i unmediated -- volume  |m A14809324678 
998 f f |a PQ7079.2.M6 R48 1983  |t 0  |l Evans: Library Stacks